000 00273nam a2200085Ia 4500
008 220120s9999||||xx |||||||||||||| ||und||
100 _aVinil Thimmaiah
_912221
245 0 _aWireless data acquisition and control system
260 _aCoorg Institute of Technology
_bPonnampet
_c2009
999 _c137807
_d137807